00822nam a2200265 i 4500001001000000003000900010005001700019007000300036008004100039020001800080040003000098082003000128100003400158245002500192250001800217264004700235300002800282336002800310337003500338338003100373500007000404504003100474650002400505650002700529000044156DO-SdBNP20240412074303.0ta140602s2009 sp r 000 p spa d a9788496322318 aDO-SdBNPbspacBNPHUerda 4aRD861.44bM671p, 20092221 aMir, Pedro,d1913-2000eaotor10aPoemas /cPedro Mir. a2a. edición aMadrid :bEdiciones de la Discreta,c2009. a203 páginas ;c24 cm. 2rdacontent atextobtxt 2rdamediaa sin mediación bn 2rdacarrier avolumen bnc aIncluye datos biográficos del autor en la solapa de la cubierta aBibliografía: p. 201-203 4aPoesía dominicana 0aLiteratura dominicana.